संगीत विद्याहरण (Record no. 486058)

MARC details
000 -LEADER
fixed length control field 00541nam a22001697a 4500
003 - CONTROL NUMBER IDENTIFIER
control field OSt
005 - DATE AND TIME OF LATEST TRANSACTION
control field 20120302143907.0
008 - FIXED-LENGTH DATA ELEMENTS--GENERAL INFORMATION
fixed length control field 090122t xxu||||| |||| 00| 0 eng d
035 ## - SYSTEM CONTROL NUMBER
System control number ९४
040 ## - CATALOGING SOURCE
Transcribing agency मराठी
100 ## - MAIN ENTRY--PERSONAL NAME
Personal name खाडिलकर, कृष्णाजी प्रभाकर
9 (RLIN) 312
245 ## - TITLE STATEMENT
Title संगीत विद्याहरण
250 ## - EDITION STATEMENT
Edition statement ६ वी
260 ## - PUBLICATION, DISTRIBUTION, ETC. (IMPRINT)
Place of publication, distribution, etc मुंबई
Name of publisher, distributor, etc यशवंत कृष्ण खाडिलकर
300 ## - PHYSICAL DESCRIPTION
Other physical details ९८ पाने
942 ## - ADDED ENTRY ELEMENTS (KOHA)
Source of classification or shelving scheme Dewey Decimal Classification
Koha item type Book
Holdings
Withdrawn status Lost status Source of classification or shelving scheme Damaged status Not for loan Home library Current library Date acquired Cost, normal purchase price Total Checkouts Barcode Date last seen Price effective from
    Dewey Decimal Classification     Dr. Bedekar Vidya Mandir Library Dr. Bedekar Vidya Mandir Library 01/22/2009 0.00   ९४ 03/19/2010 03/19/2010